Idiomas del mundo por pistas - Estadísticas

Estadísticas generales
  • Esta prueba ha sido intentada 47 veces
  • La puntuación promedio es 9 de 17
Estadísticas de respuestas
Pista Idioma % Correcto
El idioma con más hablantes nativos Mandarín
98%
El primer idioma hablado en el espacio Ruso
86%
El idioma oficial de Paraguay y el nombre de su moneda Guaraní
70%
Se escribe con kanji, hiragana y katakana. Japonés
70%
Alguien que habla este idioma se llama «lusófono» Portugués
70%
Utiliza la letra «ß» Alemán
63%
El idioma en el que se imprimió la Biblia de Gutenberg Latín
58%
Idioma que habría hablado Jesús Arameo
51%
«Simba» significa león en esta lengua franca de África Oriental Suajili
51%
Sus dos formas escritas son el bokmål y el nynorsk. Noruego
47%
Se extinguió como lengua hablada hacia el año 300 d.C., pero fue revivida por Eliezer Ben-Yehuda. Hebreo
44%
El idioma nativo más hablado en Sudáfrica Zulú
35%
Los aristócratas rusos del siglo XIX hablaban habitualmente este idioma Francés
33%
También conocido como farsi Persa
33%
Tiene sólo 13 letras en su alfabeto. Una palabra de ejemplo: Humuhumunukunukuāpuaʻa Hawaiano
30%
Idioma más hablado de India y Pakistán que no es idioma oficial de ningún país Punyabí
21%
Antes de 2020, era la única lengua oficial de Etiopía Amhárico
19%
No se encontraron pruebas coincidentes
Distribución de puntuación
Porcentaje de gente con cada puntuación
Porcentaje por número respondido
Historial de tus puntuaciones
No has intentado esta prueba.